En marcha hacia la Descentralización Administrativa del País

Guardat en:
Dades bibliogràfiques
Format: Llibre
Idioma:espanyol
Publicat: Concepción Universo 1948
Matèries:
Etiquetes: Afegir etiqueta
Sense etiquetes, Sigues el primer a etiquetar aquest registre!

MARC

LEADER 00000nam a2200000 a 4500
001 UCL7015
003 CL-VaPUC
005 20220921074452.0
008 040423e19480000cl 1 spa d
082 0 4 |a 352.13  |b ENM  |2 21 
245 1 0 |a En marcha hacia la Descentralización Administrativa del País  
260 |a Concepción  |b Universo  |c 1948 
300 |a 119 p 
583 |a last modification  |c 20040423 00:00:00  |k Rodrigo Vera 
650 0 0 |a Regionalización   |9 255465 
650 0 0 |a Descentralización administrativa (administración descentralizada)  |9 255464 
650 0 7 |a REGIMEN ADMINISTRATIVO  |2 CL-VaPUC  |9 620566 
650 0 7 |a SISTEMAS ADMINISTRATIVOS  |2 CL-VaPUC  |9 408227 
650 0 7 |a GOBIERNO REGIONAL  |2 CL-VaPUC  |9 356897 
651 7 |a CHILE  |2 CL-VaPUC  |9 620567 
942 |c BK 
945 |a cmena  |d 20040423 00:00:00 
546 |a En Español 
536 |a Asociación Nacional de Centros para el Progreso Provincial 
518 |p Convención Provincial de Chile, 2, Concepción, 15 al 17 de Enero 1948 
999 |c 384031  |d 384029 
952 |0 0  |1 0  |4 0  |6 352_130000000000000_ENM_1948  |7 0  |8 A  |9 506437  |a BIBDER  |b BIBDER  |d 2020-01-23  |i 396406K  |l 1  |o 352.13 ENM 1948  |p 396406K  |r 2022-09-01  |s 2022-08-26  |w 2020-01-23  |y BK  |k DER